Central Library OPAC University of Rajshahi

Readings in Bangladesh Development / (Record no. 79039)

MARC details
000 -LEADER
fixed length control field 00872nam a2200277 a 4500
001 - CONTROL NUMBER
control field 79039
003 - CONTROL NUMBER IDENTIFIER
rucl marc code BD-RjUL
005 - DATE AND TIME OF LATEST TRANSACTION
control field 20211220162029.0
008 - FIXED-LENGTH DATA ELEMENTS--GENERAL INFORMATION
fixed length control field 211220s2021 bg ||||| |||| 00| 0 eng d
020 ## - INTERNATIONAL STANDARD BOOK NUMBER
International Standard Book Number 978-9849491729 (vol.1)
International Standard Book Number 9789849491712 (vol. 2)
035 ## - SYSTEM CONTROL NUMBER
System control number (BD-RjUL)79039
040 ## - CATALOGING SOURCE
Original cataloging agency BD-RjUL
Language of cataloging eng
Transcribing agency BD-RjUL
041 ## - LANGUAGE CODE
Language code of text/sound track or separate title eng
082 ## - DEWEY DECIMAL CLASSIFICATION NUMBER
Edition number 23
Classification number 338.95492
Author mark and year REA 2021
245 ## - TITLE STATEMENT
Title Readings in Bangladesh Development /
Statement of responsibility, etc. Editors K.A.S. Murshid , Minhaj Mahmud , Kazi Iqbal
260 ## - PUBLICATION, DISTRIBUTION, ETC. (IMPRINT)
Place of publication, distribution, etc. Dhaka :
Name of publisher, distributor, etc. Bangladesh Institute of Development Studies,
Date of publication, distribution, etc. 2021
300 ## - PHYSICAL DESCRIPTION
Pagination v.;
Size 24 cm.
505 01 - FORMATTED CONTENTS NOTE
Formatted contents note Vol. 1 --V. 2--
650 ## - SUBJECT ADDED ENTRY--TOPICAL TERM
Topical term or geographic name as entry element Economic development
Geographic subdivision Bangladesh
9 (RLIN) 287
Topical term or geographic name as entry element Sustainable development
Geographic subdivision Bangladesh
9 (RLIN) 288
700 ## - ADDED ENTRY--PERSONAL NAME
Personal name Murshid, K.A.S.
Personal name Mahmud, Minhaj
Personal name Iqbal, Kazi
942 ## - ADDED ENTRY ELEMENTS (KOHA)
Source of classification or shelving scheme Dewey Decimal Classification
Koha item type Books
Holdings
Lost status Source of classification or shelving scheme Damaged status Not for loan Collection code Permanent Location Current Location Shelving location Date acquired Source of acquisition Cost, normal purchase price Total Checkouts Full call number Date last seen Copy number Koha item type
  Dewey Decimal Classification   Not For Loan Non-fiction Central Library, University of Rajshahi Central Library, University of Rajshahi Reading Room 13/12/2021 Author 1000.00   338.95492 REA V-1 2021 20/12/2021 C-1 Books
  Dewey Decimal Classification   Not For Loan Non-fiction Central Library, University of Rajshahi Central Library, University of Rajshahi Reading Room 13/12/2021 Author 1000.00   338.95492 REA V-2 2021 20/12/2021 C-1 Books